000 00550nam a22002057a 4500
003 BUBTL
008 210304b xxu||||| |||| 00| 0 eng d
020 _a984-8372-10-5
082 _a343.025492/KAL
100 _aKabir, Dr. Lutful
_93994
245 _aLand Laws of Bangladesh
_bDr. Lutful Kabir
250 _a8th
260 _aDhaka
_bAin Prokashan
_cc2012
300 _a[xviii] , 286p . :
_b21 cm.
500 _aIncludes Index.
650 _aLaw
_93995
856 _k0
_l0
_yDownload
942 _2ddc
_cBK
999 _c6471
_d6471